000 00972nam a2200277 i 4500
001 47806
003 ES-MaACL
005 20250903015351.0
007 t|
008 030528s2001 sp ||||0| spa
020 _a84-7844-433-5
080 _a087.5:51
100 1 _aEnzensberger, Hans Magnus.
_947315
245 1 3 _aEl diablo de los números
_b: un libro para todos aquellos que temen a las matemáticas /
_cHans Magnus Enzensberger ; diseñado e ilustrado por Rotraut Susanne Berner ; traducción de Carlos Fortea.
250 _a12ª ed.
260 _aMadrid :
_bSiruela,
_c2001.
300 _a255 p :
_bil. col ;
_c25 cm.
490 1 _aLas tres edades ;
_v57
650 1 4 _aMatemáticas-
_vLibros infantiles
_914828
655 7 _aLibros infantiles
_2tgfbne
_9226786
700 1 _aBerner, Rotraut Susanne.
_928313
700 1 _aFortea, Carlos,
_d1963-
_951844
830 1 _aLas tres edades ;
_v57
_9178625
852 4 _aES-MaACL
_jL-26399
999 _c47806
_d47806